00425nam a2200157Ia 4500008004100000100002300041245004400064260001200108260001100120260000900131300000700140650001700147942000900164999001500173952007900188160226s9999 xx 000 0 und d10aAmarasinghe D.S.D. aAntioxidants from Fruits and Vegetables aColombo bIchemc c2015 a32 aAntioxidants cbook c3230d3230 0010708NFICaICbICcGENd2016-02-26l0pS0085r2016-02-26 00:00:00yDIS